000 00538nam a2200205Ia 4500
003 LK-CoDNM
005 20240925120029.0
008 010623t1929 xxu||||| |||| 00| 1 eng d
040 _aLK-CoDNM
_dLK-CoDNM
_eLK-CoDNM
041 _aeng
080 _a22
_bE11
100 _aArasaratnam, C.
245 _aA Hand Book of the Supreme Court of Ceylon
260 _bThe Ceylon daily news
_aColombo
_c1929
300 _bvii, 250p. ; 23 cm
650 _aCivil appellate rules
650 _aHistory
650 _aPolice courts
942 _cBK
999 _c94645
_d94645